| 000 | 00731nac a22002411i 4500 | ||
|---|---|---|---|
| 003 | EG-ScBUE | ||
| 005 | 20240421115512.0 | ||
| 008 | 240421s1981 fr b f b 001 0 eng d | ||
| 020 | _a2865840026 (pbk.) | ||
| 040 |
_aEG-ScBUE _beng _erda _cEG-ScBUE _dEG-ScBUE |
||
| 082 | 0 | 4 |
_a955.054 _bIRA _222 |
| 245 | 0 | 4 | _aThe Iraq-Iran conflict. |
| 250 | _aFirst edition. | ||
| 264 | 1 |
_aParis : _bEditions du Monde Arabe, _c1981. |
|
| 300 |
_a335 pages : _bmaps ; _c21 cm |
||
| 336 |
_2rdacontent _atext _btxt |
||
| 337 |
_aunmediated _2rdamedia _bn |
||
| 338 |
_avolume _bnc _2rdacarrier |
||
| 504 | _aIncludes bibliographical references and index. | ||
| 650 | 7 |
_aIran-Iraq War, 1980-1988. _2BUEsh |
|
| 655 | _vReading book | ||
| 942 |
_cBB _2ddc |
||
| 999 |
_c9542 _d9542 |
||